000 00310nam a22001337a 4500
008 170830b xxu||||| |||| 00| 0 eng d
020 _a2900495898848
041 _aeng
080 _211TH
_a621.397.13
100 _a39
101 _aMED
245 _aTELEVISION PRODUCTION HANDBOOK
_cZETTL,H
942 _2udc
_cBK
999 _c25492
_d25492